KOHA-Header-6

Financial Statement Analysis (Record no. 612)

000 -LEADER
fixed length control field 00329nam a2200121Ia 4500
008 - FIXED-LENGTH DATA ELEMENTS--GENERAL INFORMATION
fixed length control field 190722s9999 xx 000 0 und d
020 ## - INTERNATIONAL STANDARD BOOK NUMBER
International Standard Book Number 978-93-392-0472-3
100 ## - MAIN ENTRY--PERSONAL NAME
Personal name Subramanyam, Wild
245 #0 - TITLE STATEMENT
Title Financial Statement Analysis
260 ## - PUBLICATION, DISTRIBUTION, ETC. (IMPRINT)
Place of publication, distribution, etc New Delhi
Name of publisher, distributor, etc McGraw Hill Education (India) Pvt. Ltd.
Date of publication, distribution, etc 2014
300 ## - PHYSICAL DESCRIPTION
Extent 685
942 ## - ADDED ENTRY ELEMENTS (KOHA)
Koha item type Books
Holdings
Withdrawn status Lost status Source of classification or shelving scheme Damaged status Not for loan Collection code Permanent Location Current Location Shelving location Date acquired Full call number Barcode Date last seen Price effective from Koha item type
        Not For Loan Finance MAJU MAJU Shelf No.A38 REF 2019-07-22 657.3 7238 2019-07-22 2019-07-22 Finance

Powered by Koha